000 00690nam a2200217 i 4500
001 180698
003 ES-MaACL
005 20250803093547.0
008 120626q1950 sp a |||| | spa d
080 _a088
100 1 _aBofarull, Jorge.
_9150778
245 1 0 _aEn el mundo de lo irreal /
_cJorge Bofarull ; portada e ilustraciones de Coll.
260 _aBarcelona :
_bEdiciones G.P.,
_c[ca. 1950]
300 _a64 p. :
_bil. ;
_c11 cm.
490 1 _aEnciclopedia pulga ;
_v32
650 7 _aCuriosidades y maravillas
_2embne
_911529
700 1 _aColl, Alejandro.
_939607
830 1 _aEnciclopedia pulga ;
_v32
_9191296
852 4 _aES-MaACL
_j2311-F-12
999 _c180698
_d180698